000
00242nam a2200097Ia 4500
001
1190766
005
20250827021623.0
008
250824s9999 xx 000 0 und d
245
0
_a
ALLAH'A EMANET OL
_c
KAHRAMAN TAZEOĞLU
260
_b
YEDİVEREN
999
_c
1190766
_d
1190766